Statystyki dla Postacie w serialu You

Kliknij tutaj aby rozwiązać quiz!

Ogólne statystyki

  • Ten quiz został rozwiązany 10 razy
  • Średni wynik to 5 z 10

Statystyki odpowiedzi

HintOdpowiedź% Poprawnych
Główny bohaterJoe Goldberg
90%
Kobieta w której główny bohater
zakochał się w pierwszym sezonie
Guinevere Beck
70%
Syn głównego bohateraHenry
60%
Żona głównego bohateraLove Quinn
60%
Młody przyjaciel głównego bohateraPaco
60%
Przyjaciółka pierwszej kobiety
głównego bohatera
Peach
50%
Brat żony głównego bohateraForty
40%
Matka żony głównego bohateraDottie
30%
Zabita przez żone głównego bohateraCandace Stone
20%
Imię matki głównego bohateraSandy Goldberg
10%

Rozkład punktacji

Percentyl według liczby udzielonych odpowiedzi

Procent ludzi z każdym wynikiem

Twoja historia wyników

Nie rozwiązałeś tego quizu